NTA UGC 2025 NET SET JRF Political Science paper 2 (Record no. 116222)

MARC details
000 -LEADER
fixed length control field 00257 a2200109 4500
020 ## - INTERNATIONAL STANDARD BOOK NUMBER
International Standard Book Number 9789367130445
100 ## - MAIN ENTRY--PERSONAL NAME
Personal name Pradyumn Tripathi
245 ## - TITLE STATEMENT
Title NTA UGC 2025 NET SET JRF Political Science paper 2
250 ## - EDITION STATEMENT
Edition statement 3rd
260 ## - PUBLICATION, DISTRIBUTION, ETC. (IMPRINT)
Name of publisher, distributor, etc Pearson
Date of publication, distribution, etc 2025
942 ## - ADDED ENTRY ELEMENTS (KOHA)
Koha item type On order/under processing
Holdings
Withdrawn status Lost status Damaged status Not for loan Home library Current library Date acquired Source of acquisition Cost, normal purchase price Total Checkouts Barcode Date last seen Cost, replacement price Price effective from Koha item type
        University Library University Library 26/03/2026 264 648.00   00098297 26/03/2026 810.00 26/03/2026 On order/under processing
University Library, CUSAT